000 00380nam a22001217a 4500
008 230605b xxu||||| |||| 00| 0 eng d
020 _a998855088
082 _a328.3667
_bAYE
245 _aHow Our Parliament Functions
_bAn Introduction to the Law, Practice and Procedure of the Parliament of Ghana
260 _aGhana
_bSub-Sahara Publishers
_c2006
300 _a94 p
942 _2ddc
_cBK
999 _c458
_d458